000 00462nam a2200157 i 4500
001 142230
003 ES-MaACL
005 20230906200456.0
007 t|
008 071003s1950 sp ||||1| spa d
100 1 _aVillanueva Nuñez, Antonio.
_9115048
245 1 0 _aSoldadura eléctrica del acero /
_cpor Antonio Villanueva Nuñez.
260 _aMadrid :
_bDossat,
_c1950.
300 _aXII, 283 p. :
_bil. ;
_c25 cm.
852 _aES-MaACL
_jC-16916
_bR.45134
999 _c142230
_d142230